|
|
|
|
| LEADER |
01249nam a2200397 4500 |
| 001 |
DLU030023513 |
| 005 |
##20020809075021.0 |
| 008 |
##010730s2001 enkab b 001 0 eng |
| 010 |
# |
# |
|a 2001094267
|
| 015 |
# |
# |
|a GBA2-03669
|
| 020 |
# |
# |
|a 1840149965
|
| 035 |
# |
# |
|a (OCoLC)ocm48835315
|
| 040 |
# |
# |
|a UKM
|c UKM
|d EXW
|d DLC
|
| 042 |
# |
# |
|a lccopycat
|
| 043 |
# |
# |
|a e-ie---
|
| 050 |
# |
# |
|a HN400.3.Z9
|b C645 2001
|
| 082 |
# |
# |
|a 307.141 2
|b Mc-J
|
| 100 |
# |
# |
|a McDonagh, John.
|
| 245 |
# |
# |
|a Renegotiating rural development in Ireland /
|c John McDonagh.
|
| 260 |
# |
# |
|a Aldershot, Hampshire, England ;
|a Burlington, VT :
|b Ashgate,
|c c2001.
|
| 300 |
# |
# |
|a ix, 235 p. :
|b ill., maps ;
|c 23 cm.
|
| 440 |
# |
# |
|a Urban and regional planning and development
|
| 504 |
# |
# |
|a Includes bibliographical references and index.
|
| 650 |
# |
# |
|a Rural development
|x Government policy
|z Ireland.
|
| 650 |
# |
# |
|a Rural development
|z Ireland.
|
| 651 |
# |
# |
|a Ireland
|x Rural conditions.
|
| 856 |
# |
# |
|3 Table of contents
|u http://www.loc.gov/catdir/toc/fy02/2001094267.html
|
| 992 |
# |
# |
|a 88.34
|
| 994 |
# |
# |
|a DLU
|
| 900 |
# |
# |
|a True
|
| 911 |
# |
# |
|a Thái Thị Thanh Thủy
|
| 925 |
# |
# |
|a G
|
| 926 |
# |
# |
|a A
|
| 927 |
# |
# |
|a SH
|
| 980 |
# |
# |
|a Thư viện Trường Đại học Đà Lạt
|